Global warming, natural hazards, and emergency management / (Record no. 3799)

MARC details
000 -LEADER
fixed length control field 00842cam a22002532 4500
001 - CONTROL NUMBER
control field 0000018728
005 - DATE AND TIME OF LATEST TRANSACTION
control field 20151217145907.0
008 - FIXED-LENGTH DATA ELEMENTS--GENERAL INFORMATION
fixed length control field 100610s xx 000 0 eng d
020 ## - INTERNATIONAL STANDARD BOOK NUMBER
International Standard Book Number 1420081824 :
040 ## - CATALOGING SOURCE
Original cataloging agency KABU
Transcribing agency KABU
245 10 - TITLE STATEMENT
Title Global warming, natural hazards, and emergency management /
Statement of responsibility, etc. [edited by] Jane A. Bullock, George D. Haddow, Kim S. Haddow.
250 ## - EDITION STATEMENT
Edition statement 1st ed.
260 ## - PUBLICATION, DISTRIBUTION, ETC. (IMPRINT)
Place of publication, distribution, etc. London :
Name of publisher, distributor, etc. CRC Press,
Date of publication, distribution, etc. 2009.
300 ## - PHYSICAL DESCRIPTION
Extent xvi, 282 p.
650 #0 - SUBJECT ADDED ENTRY--TOPICAL TERM
Topical term or geographic name as entry element Global warming.
-- 0000024308
650 #0 - SUBJECT ADDED ENTRY--TOPICAL TERM
Topical term or geographic name as entry element Natural disasters.
-- 0000149725
650 #0 - SUBJECT ADDED ENTRY--TOPICAL TERM
Topical term or geographic name as entry element Emergency management.
-- 0000155026
700 1# - ADDED ENTRY--PERSONAL NAME
Personal name Bullock, Jane A.
-- 0000178069
700 1# - ADDED ENTRY--PERSONAL NAME
Personal name Haddow, George D.
-- 0000178070
700 1# - ADDED ENTRY--PERSONAL NAME
Personal name Haddow, Kim S.
-- 0000178071
852 1# - LOCATION
-- p5200 KES
908 ## - PUT COMMAND PARAMETER (RLIN)
Put command parameter 100610
950 ## - LOCAL HOLDINGS (RLIN)
-- 1
Holdings
Withdrawn status Lost status Source of classification or shelving scheme Not for loan Home library Current library Date acquired Total Checkouts Full call number Barcode Date last seen Price effective from Koha item type
    Library of Congress Classification   Kabarak, Main Campus Kabarak, Main Campus 17/12/2015   QC981.8 .G56G56 2009 c. 1 24975 17/12/2015 17/12/2015 General Collection
Designed with assistance from East African Informatics Ltd